[Event "XL Obert Internacional Ciutat de Badalona-Memorial"]
[Site "Centro Civico La Salut, Av. Marques de Sant Mori s"]
[Date "2014.08.04"]
[Round "3"]
[Board "3"]
[White "Sagar, Shah"]
[Black "Panelo, Marcelo"]
[Result "1-0"]
[WhiteElo "2339"]
[BlackElo "2445"]
[PlyCount "57"]
[EventDate "2014.08.02"]
[EventRounds "9"]
[EventCountry "ESP"]

1. d4 Nf6 2. c4 e6 3. Nf3 b6 4. g3 Ba6 5. Qb3 Nc6 6. Nbd2 Bb7 7. e4 d5 8. cxd5
exd5 9. e5 Ne4 10. Bg2 Bb4 11. Qc2 O-O 12. O-O Bxd2 13. Bxd2 Nxd2 14. Qxd2 Qe7
15. Rac1 Nd8 16. Nh4 Ne6 17. f4 f5 18. exf6 Qxf6 19. Rfd1 Rae8 20. f5 Nxd4 21.
Rxc7 Ne2+ 22. Kh1 Ba8 23. Rxa7 Bc6 24. Rc7 Ba8 25. Bf3 Qe5 26. Rc2 Nxg3+ 27.
hxg3 Qxg3 28. Bxd5+ Kh8 29. Ng6+ 1-0

[Event "XL Obert Internacional Ciutat de Badalona-Memorial"]
[Site "Centro Civico La Salut, Av. Marques de Sant Mori s"]
[Date "2014.08.04"]
[Round "3"]
[Board "4"]
[White "Kohlweyer, Bernd"]
[Black "Santos Ruiz, Miguel"]
[Result "1/2-1/2"]
[WhiteElo "2422"]
[BlackElo "2306"]
[PlyCount "132"]
[EventDate "2014.08.02"]
[EventRounds "9"]
[EventCountry "ESP"]

1. d4 e6 2. c4 Bb4+ 3. Nc3 c5 4. e3 Nc6 5. Nge2 cxd4 6. exd4 d5 7. a3 Bxc3+ 8.
Nxc3 dxc4 9. Bxc4 Qxd4 10. Qe2 Qe5 11. Nb5 Qxe2+ 12. Kxe2 Ke7 13. Rd1 Bd7 14.
Bf4 a6 15. Bd6+ Kd8 16. Nc3 Nf6 17. Rd2 Ke8 18. Kf1 Ne7 19. Rad1 Bc6 20. Be5
Rg8 21. f3 Ned5 22. Kf2 Rc8 23. Bxd5 Nxd5 24. Nxd5 Bxd5 25. Bc3 Kd7 26. Rd4 f6
27. h3 Ke7 28. Re1 Kf7 29. Red1 Rc7 30. R1d2 Rgc8 31. Rd1 Rc4 32. Rxc4 Rxc4 33.
Rd4 Rc8 34. Rd2 Rd8 35. Rd1 e5 36. Rd2 Ke6 37. Rd1 Rc8 38. Re1 Rc4 39. Re3 g5
40. Rd3 h5 41. Re3 Rc8 42. Re2 Rg8 43. Re1 h4 44. Re2 Rc8 45. Re3 Rc4 46. Re1
e4 47. fxe4 Bxe4 48. Rd1 Bc6 49. Rd4 Rc5 50. Rd2 Kf7 51. Kg1 Be4 52. Rd6 Rf5
53. Rd2 Kg6 54. Rf2 Rxf2 55. Kxf2 f5 56. Ba5 Kh5 57. Bd8 g4 58. hxg4+ Kxg4 59.
Bc7 f4 60. Bb6 Bd5 61. Bc5 b5 62. Bb6 f3 63. gxf3+ Bxf3 64. Kg1 h3 65. Kh2 Bg2
66. Bd4 Kh5 1/2-1/2

[Event "XL Obert Internacional Ciutat de Badalona-Memorial"]
[Site "Centro Civico La Salut, Av. Marques de Sant Mori s"]
[Date "2014.08.04"]
[Round "3"]
[Board "5"]
[White "Martinez Alcantara, Jose Eduardo"]
[Black "Aryan, Chopra"]
[Result "1-0"]
[WhiteElo "2379"]
[BlackElo "2246"]
[PlyCount "137"]
[EventDate "2014.08.02"]
[EventRounds "9"]
[EventCountry "ESP"]

1. c4 c6 2. g3 e5 3. d4 Bb4+ 4. Bd2 Bxd2+ 5. Qxd2 d6 6. Nc3 Nf6 7. Bg2 O-O 8.
e3 Nbd7 9. Nge2 Re8 10. O-O Nf8 11. h3 Qc7 12. e4 exd4 13. Nxd4 Bd7 14. Rad1
Rad8 15. f4 Ng6 16. Qf2 h5 17. Rd3 a6 18. Rfd1 b5 19. cxb5 axb5 20. a3 Qb8 21.
Nc2 h4 22. g4 d5 23. e5 Nh7 24. Nd4 b4 25. Nce2 c5 26. Nf5 d4 27. Nd6 Bb5 28.
Nxd4 Rxd6 29. exd6 cxd4 30. Rxd4 bxa3 31. bxa3 Bd7 32. Rb4 Qc8 33. Rb7 Nhf8 34.
f5 Ne5 35. Rc7 Qa6 36. Rc3 Bc6 37. Bxc6 Nxc6 38. Re3 Qa4 39. Rde1 Rd8 40. Qxh4
Rxd6 41. Re8 Rh6 42. Qg3 Qd4+ 43. Qe3 Qd6 44. Re2 Nd4 45. Rf2 Nc2 46. Qe7 Qxe7
47. Rxe7 Nxa3 48. Rd2 Nc4 49. Rd8 Rd6 50. Rb8 g6 51. Ree8 gxf5 52. Rxf8+ Kg7
53. gxf5 Kf6 54. Rbd8 Rxd8 55. Rxd8 Ne3 56. Rd6+ Ke7 57. Rc6 Nxf5 58. Kf2 Kf8
59. Kf3 Kg7 60. Kf4 Nh6 61. h4 f6 62. h5 Kf7 63. Rc7+ Kg8 64. Ke4 Kh8 65. Kd5
Nf5 66. Ke6 Ng7+ 67. Kxf6 Nxh5+ 68. Kg5 Ng3 69. Kg6 1-0

[Event "XL Obert Internacional Ciutat de Badalona-Memorial"]
[Site "Centro Civico La Salut, Av. Marques de Sant Mori s"]
[Date "2014.08.04"]
[Round "3"]
[Board "6"]
[White "Silva Rodriguez, Julio"]
[Black "Sanchez Enriquez, Oscar Gerard"]
[Result "1/2-1/2"]
[WhiteElo "2210"]
[BlackElo "2374"]
[PlyCount "94"]
[EventDate "2014.08.02"]
[EventRounds "9"]
[EventCountry "ESP"]

1. e4 c5 2. Nf3 d6 3. d4 cxd4 4. Nxd4 Nf6 5. Nc3 g6 6. Be3 Bg7 7. f3 a6 8. Qd2
h5 9. Bc4 Nbd7 10. Bb3 b5 11. a4 bxa4 12. Bxa4 Bb7 13. Nc6 Qc8 14. Na5 O-O 15.
O-O Re8 16. Qf2 Qc7 17. Bb3 Rac8 18. Bc4 Ra8 19. Ra2 e6 20. Rd1 Bc8 21. Bf1 Rb8
22. Nb3 Ne5 23. Ra4 Nfd7 24. Ba7 Ra8 25. Bd4 Bb7 26. Na5 Nc5 27. Raa1 Rab8 28.
b4 Ncd7 29. b5 Nc5 30. Nxb7 Rxb7 31. bxa6 Rb4 32. Bxc5 dxc5 33. Rd8 Qxd8 34. a7
Qa8 35. Qxc5 Nd3 36. Bxd3 Bd4+ 37. Qxd4 Rxd4 38. Nb5 Rdd8 39. Nc7 Qb7 40. a8=Q
Rxa8 41. Nxa8 Qb2 42. Ra6 Qc1+ 43. Kf2 Qd2+ 44. Kf1 Qd1+ 45. Kf2 Qd2+ 46. Kf1
Qd1+ 47. Kf2 Qd2+ 1/2-1/2

[Event "XL Obert Internacional Ciutat de Badalona-Memorial"]
[Site "Centro Civico La Salut, Av. Marques de Sant Mori s"]
[Date "2014.08.04"]
[Round "3"]
[Board "7"]
[White "Lopez Martinez, Josep Manuel"]
[Black "Gonzalez Rodriguez, Jorge A."]
[Result "1-0"]
[WhiteElo "2549"]
[BlackElo "2382"]
[PlyCount "53"]
[EventDate "2014.08.02"]
[EventRounds "9"]
[EventCountry "ESP"]

1. d4 Nf6 2. c4 e6 3. Nf3 b6 4. g3 Bb7 5. Bg2 Bb4+ 6. Bd2 Qe7 7. O-O Bxd2 8.
Qxd2 d6 9. Qf4 Nbd7 10. Nc3 O-O 11. e4 e5 12. Qh4 Rfe8 13. Rfe1 c5 14. dxc5
dxc5 15. Rad1 Nf8 16. Qg5 a6 17. Qc1 Qc7 18. Nd5 Nxd5 19. exd5 Rad8 20. Qc3 Ng6
21. Nd2 f6 22. b4 cxb4 23. Qxb4 Nf8 24. Rb1 b5 25. a4 Nd7 26. axb5 Nc5 27. b6
 1-0

[Event "XL Obert Internacional Ciutat de Badalona-Memorial"]
[Site "Centro Civico La Salut, Av. Marques de Sant Mori s"]
[Date "2014.08.04"]
[Round "3"]
[Board "8"]
[White "Vidarte Morales, Arturo"]
[Black "Narciso Dublan, Marc"]
[Result "1/2-1/2"]
[WhiteElo "2326"]
[BlackElo "2515"]
[PlyCount "102"]
[EventDate "2014.08.02"]
[EventRounds "9"]
[EventCountry "ESP"]

1. g3 d5 2. Bg2 e5 3. d3 c5 4. Nf3 Nc6 5. O-O Be7 6. c4 Nf6 7. cxd5 Nxd5 8. Nc3
Be6 9. Nxd5 Bxd5 10. Bd2 O-O 11. Bc3 f6 12. Nd2 Be6 13. Nc4 Rc8 14. Qb3 Qd7 15.
a4 Rc7 16. Rfc1 Rd8 17. Qd1 Qc8 18. b3 b6 19. Rab1 Bf8 20. Qf1 Qd7 21. h4 Rb8
22. Kh2 a6 23. Bh3 b5 24. axb5 axb5 25. Nd2 Ra8 26. Ra1 Rca7 27. Rxa7 Rxa7 28.
Bxe6+ Qxe6 29. Ra1 Rxa1 30. Qxa1 Nd4 31. Bxd4 exd4 32. Qd1 h6 33. Nf3 g5 34.
hxg5 hxg5 35. Qc2 Be7 36. Qd1 f5 37. Nd2 g4 38. Nf1 Kf7 39. Kg1 Kg6 40. Qc2 Bd6
41. e3 Qd5 42. Qd1 Qe6 43. Qc2 dxe3 44. Nxe3 Qf6 45. Ng2 Qa1+ 46. Kh2 Qh8+ 47.
Kg1 Qd4 48. Qe2 Qa1+ 49. Kh2 Qh8+ 50. Kg1 Qa1+ 51. Kh2 Qh8+ 1/2-1/2

[Event "XL Obert Internacional Ciutat de Badalona-Memorial"]
[Site "Centro Civico La Salut, Av. Marques de Sant Mori s"]
[Date "2014.08.04"]
[Round "3"]
[Board "9"]
[White "Ibanez Tarradellas, Eduardo"]
[Black "Cruz, Jonathan"]
[Result "1/2-1/2"]
[WhiteElo "2304"]
[BlackElo "2459"]
[PlyCount "75"]
[EventDate "2014.08.02"]
[EventRounds "9"]
[EventCountry "ESP"]

1. d4 c5 2. c3 Nf6 3. Nf3 e6 4. Bg5 Qb6 5. Qb3 Ne4 6. Bf4 cxd4 7. Qxb6 axb6 8.
Nxd4 Nc6 9. Nb5 Ra5 10. e3 e5 11. Bg3 Kd8 12. Nd2 Nxd2 13. Kxd2 d6 14. Be2 Be6
15. b3 Be7 16. Kc2 Kd7 17. Rhd1 Rc8 18. e4 f5 19. f3 fxe4 20. fxe4 Rca8 21. a4
Rc8 22. Kb2 Rf8 23. Rd3 Na7 24. Nxa7 Rxa7 25. Rf3 Raa8 26. Rd1 Kc7 27. c4 Bd7
28. Rdf1 Rf6 29. Rxf6 Bxf6 30. Kc3 Be8 31. Bg4 h5 32. Be6 h4 33. Be1 Bh5 34.
Bd2 Re8 35. Bd5 Rh8 36. Be3 Be8 37. Ra1 Rh5 38. Rf1 1/2-1/2

[Event "XL Obert Internacional Ciutat de Badalona-Memorial"]
[Site "Centro Civico La Salut, Av. Marques de Sant Mori s"]
[Date "2014.08.04"]
[Round "3"]
[Board "10"]
[White "Silva Rodriguez, Fernando"]
[Black "Munoz Pantoja, Miguel"]
[Result "1/2-1/2"]
[WhiteElo "2217"]
[BlackElo "2451"]
[PlyCount "45"]
[EventDate "2014.08.02"]
[EventRounds "9"]
[EventCountry "ESP"]

1. d4 c5 2. d5 Nf6 3. c4 e6 4. Nc3 exd5 5. cxd5 d6 6. Nf3 a6 7. a4 g6 8. Bf4
Bg7 9. h3 O-O 10. e3 Nh5 11. Bh2 f5 12. Be2 f4 13. O-O fxe3 14. fxe3 Qe7 15.
Qd3 Re8 16. Nd2 Nd7 17. Bxh5 gxh5 18. Rae1 Ne5 19. Qe2 Qg5 20. Nf3 Qg6 21. Nh4
Qg5 22. Nf3 Qg6 23. Nh4 1/2-1/2

[Event "XL Obert Internacional Ciutat de Badalona-Memorial"]
[Site "Centro Civico La Salut, Av. Marques de Sant Mori s"]
[Date "2014.08.05"]
[Round "4"]
[Board "1"]
[White "Grigoryan, Karen H."]
[Black "Martinez Alcantara, Jose Eduardo"]
[Result "1/2-1/2"]
[WhiteElo "2595"]
[BlackElo "2379"]
[PlyCount "55"]
[EventDate "2014.08.02"]
[EventRounds "9"]
[EventCountry "ESP"]

1. d4 Nf6 2. Nf3 c5 3. d5 e6 4. c4 exd5 5. cxd5 d6 6. Nc3 g6 7. g3 Bg7 8. Bg2
O-O 9. O-O a6 10. a4 Nbd7 11. Re1 Rb8 12. a5 b5 13. axb6 Nxb6 14. Nd2 Nfd7 15.
e4 c4 16. Bf1 Qc7 17. Nf3 Nc5 18. Bf4 Bg4 19. h3 Bxf3 20. Qxf3 Nbd7 21. Nd1 Ne5
22. Bxe5 Bxe5 23. Bxc4 Rb4 24. Bf1 f5 25. exf5 Rxf5 26. Qg2 Bxb2 27. Rb1 Qb8
28. Ne3 1/2-1/2

[Event "XL Obert Internacional Ciutat de Badalona-Memorial"]
[Site "Centro Civico La Salut, Av. Marques de Sant Mori s"]
[Date "2014.08.05"]
[Round "4"]
[Board "2"]
[White "Sagar, Shah"]
[Black "Oliva Castaneda, Kevel"]
[Result "1/2-1/2"]
[WhiteElo "2339"]
[BlackElo "2446"]
[PlyCount "48"]
[EventDate "2014.08.02"]
[EventRounds "9"]
[EventCountry "ESP"]

1. d4 Nf6 2. c4 g6 3. Nc3 d5 4. Nf3 Bg7 5. h4 c6 6. cxd5 cxd5 7. Bf4 O-O 8. e3
Qb6 9. Qb3 Qxb3 10. axb3 Nc6 11. Ne5 Bf5 12. Nxc6 bxc6 13. Ba6 Bc8 14. Ke2 Nd7
15. Rhc1 f6 16. Bc7 e5 17. b4 f5 18. dxe5 Nxe5 19. b5 Bxa6 20. Rxa6 cxb5 21.
Nxb5 f4 22. Rxa7 Rxa7 23. Nxa7 fxe3 24. Bxe5 Bxe5 1/2-1/2

[Event "XL Obert Internacional Ciutat de Badalona-Memorial"]
[Site "Centro Civico La Salut, Av. Marques de Sant Mori s"]
[Date "2014.08.05"]
[Round "4"]
[Board "3"]
[White "Palit, Somak"]
[Black "Lopez Martinez, Josep Manuel"]
[Result "1/2-1/2"]
[WhiteElo "2397"]
[BlackElo "2549"]
[PlyCount "112"]
[EventDate "2014.08.02"]
[EventRounds "9"]
[EventCountry "ESP"]

1. e4 e6 2. d4 d5 3. Nd2 c5 4. Ngf3 Nf6 5. e5 Nfd7 6. c3 Nc6 7. Bd3 g6 8. dxc5
Ndxe5 9. Nxe5 Nxe5 10. Nb3 Bg7 11. Be3 O-O 12. f4 Nxd3+ 13. Qxd3 Qh4+ 14. g3
Qh3 15. O-O-O b6 16. Bd4 f6 17. Rhe1 Bd7 18. Bg1 Rfc8 19. Kb1 Kh8 20. Ka1 Ba4
21. Qe2 Re8 22. Qa6 Bxb3 23. axb3 bxc5 24. Bxc5 Rad8 25. Rd2 e5 26. fxe5 fxe5
27. Red1 d4 28. cxd4 e4 29. d5 Qf5 30. Bd4 Bxd4 31. Rxd4 e3 32. Qe2 Rd6 33. Rf4
Qe5 34. Rf3 Qe4 35. Rf4 Qe7 36. Rd3 Qb7 37. Kb1 Qb5 38. Rc4 Qb6 39. Rc6 Rxc6
40. dxc6 Qxc6 41. Rxe3 Qh1+ 42. Ka2 Rxe3 43. Qxe3 Qxh2 44. Qe5+ Kg8 45. Qb8+
Kf7 46. Qxa7+ Ke6 47. Qc7 h5 48. b4 g5 49. b5 Qe2 50. Qc8+ Kf6 51. b6 Qb5 52.
b7 Qa4+ 53. Kb1 Qd1+ 54. Qc1 Qd3+ 55. Qc2 Qf1+ 56. Qc1 Qd3+ 1/2-1/2

[Event "XL Obert Internacional Ciutat de Badalona-Memorial"]
[Site "Centro Civico La Salut, Av. Marques de Sant Mori s"]
[Date "2014.08.05"]
[Round "4"]
[Board "4"]
[White "Perez Mitjans, Orelvis"]
[Black "Silva Rodriguez, Julio"]
[Result "1/2-1/2"]
[WhiteElo "2435"]
[BlackElo "2210"]
[PlyCount "84"]
[EventDate "2014.08.02"]
[EventRounds "9"]
[EventCountry "ESP"]

1. e4 e6 2. d4 d5 3. Nc3 Bb4 4. e5 c5 5. a3 Bxc3+ 6. bxc3 Qa5 7. Bd2 Qa4 8. Nf3
c4 9. h4 Nc6 10. h5 h6 11. Nh4 Bd7 12. g3 O-O-O 13. Bh3 Nge7 14. O-O Rdf8 15.
f4 f5 16. exf6 Rxf6 17. Kh2 Nd8 18. Nf3 Nf7 19. Ne5 Nd6 20. Re1 Be8 21. Bg2 Rf5
22. Bf3 Ne4 23. Rb1 g5 24. hxg6 Nxg6 25. Rb4 Qa5 26. Nxc4 Qd8 27. Rxe4 dxe4 28.
Bxe4 Bc6 29. Bxc6 bxc6 30. Ne3 Rxf4 31. gxf4 Qh4+ 32. Kg1 Qg3+ 33. Kf1 Qh3+ 34.
Kf2 Qh4+ 35. Kf1 Qh3+ 36. Kf2 Qh4+ 37. Kg1 Qg3+ 38. Ng2 Nh4 39. Qe2 Nf3+ 40.
Kf1 Nh2+ 41. Kg1 Nf3+ 42. Kf1 Nh2+ 1/2-1/2

[Event "XL Obert Internacional Ciutat de Badalona-Memorial"]
[Site "Centro Civico La Salut, Av. Marques de Sant Mori s"]
[Date "2014.08.05"]
[Round "4"]
[Board "5"]
[White "Sanchez Enriquez, Oscar Gerard"]
[Black "Kohlweyer, Bernd"]
[Result "1/2-1/2"]
[WhiteElo "2374"]
[BlackElo "2422"]
[PlyCount "41"]
[EventDate "2014.08.02"]
[EventRounds "9"]
[EventCountry "ESP"]

1. e4 c5 2. Nf3 e6 3. d4 cxd4 4. Nxd4 a6 5. Nc3 Qc7 6. Bd3 Nf6 7. O-O Bc5 8.
Nb3 Be7 9. f4 d6 10. e5 dxe5 11. fxe5 Qxe5 12. Bf4 Qh5 13. Be2 Qg6 14. Bd3 Qh5
15. Be2 Qg6 16. h4 e5 17. Bg5 Be6 18. Bd3 Qh5 19. Be2 Qg6 20. Bd3 Qh5 21. Be2
 1/2-1/2

[Event "XL Obert Internacional Ciutat de Badalona-Memorial"]
[Site "Centro Civico La Salut, Av. Marques de Sant Mori s"]
[Date "2014.08.05"]
[Round "4"]
[Board "6"]
[White "Santos Ruiz, Miguel"]
[Black "Huerga Leache, Mikel"]
[Result "0-1"]
[WhiteElo "2306"]
[BlackElo "2457"]
[PlyCount "74"]
[EventDate "2014.08.02"]
[EventRounds "9"]
[EventCountry "ESP"]

1. Nf3 d5 2. c4 c6 3. e3 Nf6 4. Nc3 a6 5. Qc2 b5 6. b3 Bg4 7. Ne5 Be6 8. Bb2 g6
9. cxb5 Bf5 10. e4 dxe4 11. g4 Nxg4 12. Nxg4 e3 13. d3 Bxg4 14. Ne4 Bf3 15.
bxc6 Qa5+ 16. b4 Qxb4+ 17. Bc3 Qb6 18. Bxh8 Bxh1 19. Rb1 Qa5+ 20. Bc3 Qc7 21.
Be5 Qxe5 22. c7 exf2+ 23. Ke2 Qh5+ 24. Ke3 Bh6+ 25. Kd4 Bg7+ 26. Kc4 Nc6 27.
Qa4 Kd7 28. Rb6 Qb5+ 29. Rxb5 axb5+ 30. Qxb5 Kxc7 31. Nc5 Ne5+ 32. Kb4 Nc6+ 33.
Kc4 Ra7 34. Na6+ Kc8 35. a3 e6 36. Nb4 Na5+ 37. Kc5 Nb7+ 0-1

[Event "XL Obert Internacional Ciutat de Badalona-Memorial"]
[Site "Centro Civico La Salut, Av. Marques de Sant Mori s"]
[Date "2014.08.05"]
[Round "4"]
[Board "7"]
[White "Narciso Dublan, Marc"]
[Black "Buchenau, Frank"]
[Result "1-0"]
[WhiteElo "2515"]
[BlackElo "2250"]
[PlyCount "57"]
[EventDate "2014.08.02"]
[EventRounds "9"]
[EventCountry "ESP"]

1. d4 e6 2. c4 Nf6 3. g3 d5 4. Nf3 c5 5. cxd5 Nxd5 6. e4 Nf6 7. Nc3 cxd4 8.
Qxd4 Qa5 9. Bg2 Nc6 10. Qc4 Bb4 11. Bd2 e5 12. a3 Be6 13. Qe2 Bg4 14. Rd1 Bxc3
15. Bxc3 Qa4 16. h3 Bxf3 17. Bxf3 O-O 18. O-O Rad8 19. Qe3 Rfe8 20. Rfe1 h6 21.
h4 Qc4 22. Kg2 Nd4 23. Bxd4 Rxd4 24. Rxd4 exd4 25. Qf4 Qc2 26. e5 Qxb2 27. Re2
Qb5 28. exf6 Rxe2 29. Qg4 1-0

[Event "XL Obert Internacional Ciutat de Badalona-Memorial"]
[Site "Centro Civico La Salut, Av. Marques de Sant Mori s"]
[Date "2014.08.05"]
[Round "4"]
[Board "8"]
[White "Ibanez Tarradellas, Eduardo"]
[Black "Gomez Garrido, Camilo Ernesto"]
[Result "0-1"]
[WhiteElo "2304"]
[BlackElo "2496"]
[PlyCount "66"]
[EventDate "2014.08.02"]
[EventRounds "9"]
[EventCountry "ESP"]

1. d4 d5 2. Bg5 h6 3. Bh4 c6 4. e3 Qb6 5. Qc1 e5 6. Nf3 e4 7. Nfd2 Ne7 8. c4
Be6 9. Nc3 Nd7 10. c5 Qd8 11. b4 g5 12. Bg3 Nf5 13. b5 h5 14. bxc6 bxc6 15. f3
exf3 16. gxf3 Nxe3 17. Ba6 h4 18. Bf2 Ng2+ 19. Kd1 Rb8 20. Rb1 Bg7 21. Rg1 Nf4
22. Be3 Qf6 23. Nde4 dxe4 24. Nxe4 Qh6 25. Rxg5 Nh3 26. Rxb8+ Nxb8 27. Nd6+ Kf8
28. Nf5 Qh7 29. Bf4 Bxf5 30. Bd6+ Kg8 31. Qb2 Nxa6 32. Qb7 Bc2+ 33. Ke1 Qh6 0-1

[Event "XL Obert Internacional Ciutat de Badalona-Memorial"]
[Site "Centro Civico La Salut, Av. Marques de Sant Mori s"]
[Date "2014.08.05"]
[Round "4"]
[Board "9"]
[White "Cruz, Jonathan"]
[Black "Silva Rodriguez, Fernando"]
[Result "1/2-1/2"]
[WhiteElo "2459"]
[BlackElo "2217"]
[PlyCount "117"]
[EventDate "2014.08.02"]
[EventRounds "9"]
[EventCountry "ESP"]

1. c4 e6 2. Nf3 Nf6 3. e3 d5 4. b3 c5 5. Bb2 Be7 6. d4 cxd4 7. exd4 Nc6 8. Bd3
O-O 9. Nc3 b6 10. O-O Kh8 11. Qe2 Ba6 12. Rac1 Rc8 13. Nb5 Ne8 14. a4 Bxb5 15.
axb5 Na5 16. Bb1 g6 17. Ba2 Kg8 18. c5 bxc5 19. dxc5 Rxc5 20. Rxc5 Bxc5 21. Qe5
f6 22. Qxe6+ Kg7 23. Rd1 Nc7 24. Qe1 Nb7 25. b4 Bb6 26. Qc3 Nd6 27. Qc6 Ndxb5
28. Bxd5 Qe8 29. Qc4 Nxd5 30. Rxd5 Nc7 31. Rd6 Qe7 32. Qd3 Kg8 33. g3 Ne8 34.
Qd5+ Qf7 35. Qxf7+ Rxf7 36. Re6 Kf8 37. h4 Re7 38. Rc6 Rc7 39. Rxc7 Nxc7 40.
Bxf6 Nd5 41. Be5 Ke7 42. b5 Ke6 43. Bb2 h6 44. Bc1 h5 45. Ng5+ Kf5 46. Kg2 Nc3
47. f3 Nxb5 48. Kh3 Bd4 49. g4+ hxg4+ 50. fxg4+ Kf6 51. Nf3 Bc3 52. Ng5 Bd4 53.
Kg3 a5 54. Kf3 a4 55. Ke4 Ba1 56. Kd5 a3 57. Ne4+ Kg7 58. Bxa3 Nxa3 59. h5
 1/2-1/2

[Event "XL Obert Internacional Ciutat de Badalona-Memorial"]
[Site "Centro Civico La Salut, Av. Marques de Sant Mori s"]
[Date "2014.08.05"]
[Round "4"]
[Board "10"]
[White "Munoz Pantoja, Miguel"]
[Black "Gonzalez Vericat, Sergio"]
[Result "1-0"]
[WhiteElo "2451"]
[BlackElo "2206"]
[PlyCount "71"]
[EventDate "2014.08.02"]
[EventRounds "9"]
[EventCountry "ESP"]

1. e4 e6 2. d4 d5 3. Nd2 Be7 4. Bd3 c5 5. dxc5 Nf6 6. Qe2 Nc6 7. Ngf3 Nb4 8.
Nb3 Nxd3+ 9. cxd3 Bxc5 10. Nxc5 Qa5+ 11. Bd2 Qxc5 12. e5 Nd7 13. b4 Qe7 14. O-O
O-O 15. a4 f6 16. exf6 gxf6 17. Rfc1 Qd6 18. Nd4 Ne5 19. Bf4 Bd7 20. Re1 Rac8
21. b5 Rc3 22. Kh1 Qe7 23. Bxe5 fxe5 24. Qxe5 Rxd3 25. Nf3 Qf6 26. Qxf6 Rxf6
27. Ne5 Rd2 28. Nxd7 Rfxf2 29. Rxe6 Kf7 30. Rae1 Rxg2 31. Rf6+ Kg8 32. Re8+ Kg7
33. Re7+ Kh8 34. Rf8+ Rg8 35. Rxg8+ Kxg8 36. Nf6+ 1-0

[Event "XL Obert Internacional Ciutat de Badalona-Memorial"]
[Site "Centro Civico La Salut, Av. Marques de Sant Mori s"]
[Date "2014.08.06"]
[Round "5"]
[Board "1"]
[White "Oliva Castaneda, Kevel"]
[Black "Grigoryan, Karen H."]
[Result "0-1"]
[WhiteElo "2446"]
[BlackElo "2595"]
[PlyCount "68"]
[EventDate "2014.08.02"]
[EventRounds "9"]
[EventCountry "ESP"]

1. Nf3 g6 2. d4 Nf6 3. c4 Bg7 4. Nc3 O-O 5. e4 d6 6. Be2 e5 7. O-O Nc6 8. d5
Ne7 9. Ne1 Nd7 10. Be3 f5 11. f3 f4 12. Bf2 g5 13. Nd3 Nf6 14. c5 Ng6 15. a4 h5
16. a5 g4 17. Qe1 h4 18. Bxh4 g3 19. Bg5 gxh2+ 20. Kh1 Qe8 21. g4 fxg3 22. Qxg3
Nh5 23. Qxh2 Nhf4 24. Rf2 Nh3 25. Rg2 Kf7 26. f4 Rh8 27. f5 Nxg5 28. Bh5 Qe7
29. Bxg6+ Kf8 30. Bh5 Bd7 31. f6 Bxf6 32. Rf1 Kg7 33. Rxf6 Qxf6 34. Qh4 Rxh5
 0-1

[Event "XL Obert Internacional Ciutat de Badalona-Memorial"]
[Site "Centro Civico La Salut, Av. Marques de Sant Mori s"]
[Date "2014.08.06"]
[Round "5"]
[Board "2"]
[White "Martinez Alcantara, Jose Eduardo"]
[Black "Sagar, Shah"]
[Result "1/2-1/2"]
[WhiteElo "2379"]
[BlackElo "2339"]
[PlyCount "41"]
[EventDate "2014.08.02"]
[EventRounds "9"]
[EventCountry "ESP"]

1. e4 c6 2. Nc3 d5 3. Nf3 Bg4 4. d4 e6 5. Be2 Nf6 6. h3 Bh5 7. exd5 cxd5 8. g4
Bg6 9. Ne5 Nfd7 10. Nxg6 hxg6 11. Bf4 a6 12. a3 Nc6 13. Qd2 Rc8 14. Qe3 Nb6 15.
Bd3 Na5 16. Bg5 Qd7 17. Nd1 Nac4 18. Qe2 Be7 19. Bc1 Qd8 20. b3 Nd6 21. Bf4
 1/2-1/2

[Event "XL Obert Internacional Ciutat de Badalona-Memorial"]
[Site "Centro Civico La Salut, Av. Marques de Sant Mori s"]
[Date "2014.08.06"]
[Round "5"]
[Board "3"]
[White "Lopez Martinez, Josep Manuel"]
[Black "Sanchez Enriquez, Oscar Gerard"]
[Result "1-0"]
[WhiteElo "2549"]
[BlackElo "2374"]
[PlyCount "108"]
[EventDate "2014.08.02"]
[EventRounds "9"]
[EventCountry "ESP"]

1. d4 Nf6 2. c4 e6 3. Nf3 c5 4. d5 exd5 5. cxd5 d6 6. e4 g6 7. Bd3 Bg7 8. O-O
O-O 9. Re1 Re8 10. h3 b5 11. Nbd2 c4 12. Bc2 Bb7 13. Nf1 Nbd7 14. Ng3 Nc5 15.
Bf4 b4 16. Rc1 Qb6 17. Bb1 Ba6 18. Nd2 Nfd7 19. b3 cxb3 20. axb3 Bb5 21. Ngf1
a5 22. Ne3 Ne5 23. Bxe5 Bxe5 24. Ng4 Bg7 25. Qf3 Nd7 26. Qf4 Ne5 27. Nf3 Rac8
28. Nfxe5 dxe5 29. Qd2 h5 30. Ne3 Bh6 31. Bd3 Qd4 32. Rcd1 Bxd3 33. Qxd3 Bxe3
34. Qxe3 Qxe3 35. Rxe3 Rc3 36. Rxc3 bxc3 37. Rc1 Rc8 38. Rc2 f5 39. f3 Kf7 40.
Kf2 fxe4 41. fxe4 a4 42. bxa4 Rc4 43. Ke3 Rxa4 44. Rxc3 h4 45. Rc6 Ra3+ 46. Kf2
Ra2+ 47. Kf3 Ra3+ 48. Kg4 Re3 49. Kxh4 Rxe4+ 50. Kg5 Rd4 51. Rf6+ Ke7 52. Re6+
Kd7 53. Rxe5 Kd6 54. Re6+ Kxd5 1-0

[Event "XL Obert Internacional Ciutat de Badalona-Memorial"]
[Site "Centro Civico La Salut, Av. Marques de Sant Mori s"]
[Date "2014.08.06"]
[Round "5"]
[Board "4"]
[White "Akshat, Khamparia"]
[Black "Narciso Dublan, Marc"]
[Result "1-0"]
[WhiteElo "2362"]
[BlackElo "2515"]
[PlyCount "133"]
[EventDate "2014.08.02"]
[EventRounds "9"]
[EventCountry "ESP"]

1. d4 e6 2. c4 f5 3. Nc3 Nf6 4. e3 Bb4 5. Nge2 O-O 6. a3 Be7 7. Nf4 d6 8. Be2
c6 9. b4 e5 10. Nh3 h6 11. O-O Be6 12. f3 Nbd7 13. Nf2 Nb6 14. c5 Nbd5 15. Na4
exd4 16. exd4 Qc7 17. Re1 Rae8 18. Qc2 dxc5 19. bxc5 Bd8 20. Nb2 Qb8 21. Nc4
Bc7 22. Ne5 Bxe5 23. dxe5 Qxe5 24. Bb2 Qc7 25. Bc4 Qf7 26. Bf1 f4 27. Bd4 Rd8
28. Qa4 a6 29. Be5 g5 30. Rab1 Ne3 31. Rb2 Rd7 32. Bd3 Rfd8 33. Bd6 Bd5 34. Nd1
Nxd1 35. Qxd1 Ne8 36. Qb1 Nxd6 37. cxd6 b5 38. Rbe2 Qf6 39. Re7 Rxe7 40. dxe7
Re8 41. Qb4 Kf7 42. a4 Rxe7 43. Bg6+ Kf8 44. axb5 cxb5 45. Qc5 Be6 46. Bh5 Bf7
47. Bg4 h5 48. Bf5 Bc4 49. h3 a5 50. Kh2 a4 51. Re4 h4 52. Re1 Ke8 53. Rd1 Kf7
54. Rd8 Kg7 55. Qc8 Be6 56. Bxe6 Qxe6 57. Qb8 Qe1 58. Rg8+ Kf6 59. Qf8+ Ke6 60.
Rxg5 Kd7 61. Qf5+ Qe6 62. Qxb5+ Kd8 63. Qxa4 Rf7 64. Rg8+ Kc7 65. Qa7+ Kd6 66.
Qb6+ Ke5 67. Qc5+ 1-0

[Event "XL Obert Internacional Ciutat de Badalona-Memorial"]
[Site "Centro Civico La Salut, Av. Marques de Sant Mori s"]
[Date "2014.08.06"]
[Round "5"]
[Board "5"]
[White "Gomez Garrido, Camilo Ernesto"]
[Black "Hernando Rodrigo, Julio Antoni"]
[Result "1/2-1/2"]
[WhiteElo "2496"]
[BlackElo "2342"]
[PlyCount "53"]
[EventDate "2014.08.02"]
[EventRounds "9"]
[EventCountry "ESP"]

1. e4 e6 2. d4 d5 3. Nd2 c5 4. Ngf3 Nc6 5. exd5 exd5 6. Bb5 Qe7+ 7. Be2 Qc7 8.
O-O Be6 9. Re1 Bd6 10. dxc5 Bxc5 11. Nb3 Bb6 12. Nfd4 Nf6 13. c4 Nxd4 14. Nxd4
O-O 15. Be3 dxc4 16. Nxe6 fxe6 17. Bxb6 axb6 18. Qd4 b5 19. Bf3 Rfd8 20. Qe3
Ra6 21. Rac1 Qa5 22. Qe5 Nd7 23. Qg5 Nc5 24. Rc2 Nd3 25. Rf1 Rf8 26. Re2 e5 27.
Qe7 1/2-1/2